Liedtext - Denken Sie groß - Deichkind - Statistiken

Allgemein
  • Dieses Quiz wurde 20 mal gespielt
  • Das Durchschnittsergebnis liegt bei 384 aus 530
Antwortstatistiken
Antwort % Korrekt
a
100%
den
100%
(Denken
100%
denken
100%
Denken
100%
groß)
100%
groß
100%
I
100%
Sie
100%
Und
100%
und
100%
auf
94%
Ein
94%
ein
94%
er
94%
kann
94%
könn'n
94%
nicht
94%
als
88%
da
88%
der
88%
die
88%
es
88%
man
88%
'ne
88%
wie
88%
Wie
88%
dann
81%
dem
81%
do
81%
einen
81%
einmal
81%
ein'n
81%
Flieg'
81%
Ihr
81%
Ihre
81%
is:
81%
Traum
81%
wenn
81%
Wenn
81%
Wo
81%
wo
81%
an
75%
fliegen
75%
geb'
75%
Geben
75%
hier
75%
Hier
75%
Ich
75%
ich
75%
In
75%
in
75%
jetzt
75%
kein
75%
leben
75%
Mit
75%
mit
75%
muss
75%
schaden
75%
sein
75%
Tag,
75%
Ziele
75%
and
69%
bisschen
69%
das
69%
dort
69%
geht
69%
ist
69%
los
69%
Mann,
69%
no
69%
noch
69%
nur
69%
schon
69%
sich
69%
sind
69%
All
63%
bald
63%
bau'
63%
bleibt
63%
Dafür
63%
endlich
63%
erreichen
63%
Genie
63%
glücklicher
63%
Größenwahnsinn
63%
hab'
63%
herrschen
63%
Heute
63%
ihn
63%
müssen
63%
'nem
63%
of
63%
Von
63%
Warlord
63%
Was
63%
Wille?
63%
Zum
63%
zwei
63%
Bauen
56%
bauen
56%
frei
56%
höher,
56%
mein
56%
so,
56%
So
56%
steht
56%
Tipp
56%
Vorort
56%
weg
56%
Welt
56%
You
56%
you
56%
bergauf
50%
bitte
50%
Brille
50%
Containerschiff,
50%
durch
50%
entscheiden
50%
ex
50%
has
50%
Ihn'n
50%
Jamaica
50%
jedem
50%
Kaufen
50%
kaufen
50%
Kilometer
50%
Kreditkarte
50%
Lasern
50%
Liga
50%
Menschen
50%
Moloch
50%
obersten
50%
öffne
50%
Reihenhaus,
50%
schwarzen
50%
Show
50%
spiel'n
50%
the
50%
The
50%
unterschreiben
50%
Zeiten
50%
Blattgold
44%
Einsatz,
44%
Energie
44%
Fahr'n
44%
fliegt
44%
Frühstück
44%
harten
44%
Leader
44%
mei'm
44%
question
44%
richtigen
44%
Riecher
44%
Setzen
44%
Smacks
44%
Starten
44%
steckt
44%
Tower,
44%
Trinken
44%
Trump
44%
übernehm'n
44%
Visionär
44%
voll
44%
weiter
44%
your
44%
Baumgartner,
38%
Benzinverbrauch
38%
Bezahl'
38%
gedacht
38%
grad
38%
Leistung
38%
Monstertruck
38%
Platinscheiben
38%
Riesen-Acht,
38%
schneller,
38%
Stadt
38%
time
38%
time?
38%
um
38%
Weed,
38%
What
38%
with
38%
(Yeah)
38%
zeigen
38%
(Ah)
31%
ah
31%
amount
31%
Baikalsee
31%
Beute
31%
Flugzeugträger-Leasing-Rate
31%
genau
31%
Gewinnen
31%
Jagen
31%
or
31%
Privatjet
31%
Raubtier
31%
same
31%
Schiebedach
31%
sitz'
31%
Antonow
25%
Appetit,
25%
entflieh'n
25%
Everybody,
25%
Everybody
25%
exactly
25%
geht's
25%
Milliarden
25%
Scheffeln
25%
Schwertransport
25%
zweifeln
25%
baden
19%
day,
19%
Dollars
19%
have
19%
hours
19%
president
19%
24
13%
less
13%
more,
13%
whether
13%
you're
13%
both
6%
Calmunds
6%
company,
6%
paperboy
6%
Keine übereinstimmenden Quizze gefunden
Verteilung der Resultate
Anzahl Personen mit jedem Resultat
Perzentil nach korrekt beantworteten Fragen
Ihre Resultats-Entwicklung
Sie haben dieses Quiz noch nicht gespielt